Online
Catalog

Pruebas inadmisibles / : (Record no. 18887)

MARC details
000 -CABECERA
campo de control de longitud fija 00828nam a2200229 a 4500
001 - NÚMERO DE CONTROL
campo de control 000019370
005 - FECHA Y HORA DE LA ÚLTIMA TRANSACCIÓN
campo de control 20200929170010.0
008 - DATOS DE LONGITUD FIJA--INFORMACIÓN GENERAL
campo de control de longitud fija 100626s1968 ve 000 f spa d
040 ## - FUENTE DE LA CATALOGACIÓN
Centro catalogador/agencia de origen DO-SdBNP
Lengua de catalogación spa
Centro/agencia transcriptor BNPHU
041 17 - CÓDIGO DE LENGUA
Código de lengua del texto/banda sonora o título independiente spa
Código de lengua original ger
Fuente del código Código de idiomas MARC
082 ## - NÚMERO DE LA CLASIFICACIÓN DECIMAL DEWEY
Número de clasificación 833.912
Número de documento/Ítem N897p
049 ## - FONDOS LOCALES (OCLC)
Fondos de biblioteca BNGR
100 1# - ENTRADA PRINCIPAL--NOMBRE DE PERSONA
Nombre de persona Nossack, Hans Erich,
Fechas asociadas al nombre 1901-1977
9 (RLIN) 41615
240 10 - TÍTULO UNIFORME
Título uniforme Unmögliche beweisaufnahme.
Lenguaje de la obra Español.
245 10 - MENCIÓN DE TÍTULO
Título Pruebas inadmisibles / :
Resto del título Hans Erich Nossack ; traducción de Norberto Silvetti Paz.
260 ## - PUBLICACIÓN, DISTRIBUCIÓN, ETC.
Lugar de publicación, distribución, etc. Caracas, Venezuela :
Nombre del editor, distribuidor, etc. Monte Ávila,
Fecha de publicación, distribución, etc. 1968.
300 ## - DESCRIPCIÓN FÍSICA
Extensión 138 p. ;
Dimensiones 20 cm.
534 ## - NOTA SOBRE LA VERSIÓN ORIGINAL
Frase introductoria Título original en alemán:
Mención de título del original Unmögliche beweisaufnahme.
Publicación, distribución, etc. del original Suhrkamp Verlag, 1959
650 #4 - PUNTO DE ACCESO ADICIONAL DE MATERIA--TÉRMINO DE MATERIA
Término de materia o nombre geográfico como elemento de entrada Novela alemana
9 (RLIN) 3302
650 #4 - PUNTO DE ACCESO ADICIONAL DE MATERIA--TÉRMINO DE MATERIA
Término de materia o nombre geográfico como elemento de entrada Literatura alemana
9 (RLIN) 3274
700 1# - PUNTO DE ACCESO ADICIONAL--NOMBRE DE PERSONA
Nombre de persona Silvetti Paz, Norberto,
Término indicativo de función/relación tr.
9 (RLIN) 41616
Holdings
Estado de retiro Estado de pérdida Restricciones de uso No para préstamo Código de colección Localización permanente Ubicación/localización actual Ubicación en estantería Fecha de adquisición Número de inventario Total de préstamos Signatura topográfica completa Código de barras Fecha visto por última vez Precio válido a partir de Tipo de ítem Koha
        Monografías: Libros y Folletos General General En catalogación 26.06.2010 LF1   833.912 N897p 19370-10 25.06.2020 25.06.2020 Préstamo en sala

Powered by Koha